00729nam a22002177a 450000500170000001000130001702000210003003500130005103700160006404000120008008200150009210000220010724501380012926000530026727000580032030000260037850000190040465000240042365000440044770000200049120170124110132.0 aB-059660 c00.00a812151004 aB-059660 bCen Lib/Ret aDPLbEN a910.4bGRI aGriffith, William aJournals of travels in Assam, Burma, Bootan, Affghanistan and the neighbouring countries /cby William Griffith [and] John M'Clelland bMunshiram Manoharlal PublishersaNew Delhic2001 bNew DelhiaPost Box 5715, 54 Rani Jhansi Roade110055 axxxii,529p.c22cm(Hb) aIncludes index aVoyages and travels aAssam (India) -- Description and travel aJohn M'Clelland